FIFA 16 EPL Team of the Season - Statistics

General Stats
  • This quiz has been taken 514 times
  • The average score is 18 of 23
Answer Stats
Hint Answer % Correct
ST- Leicester City (91) Jamie Vardy
98%
ST- Tottenham Hotspur (93) Harry Kane
97%
RM- Leicester City (93) Riyad Mahrez
95%
GK- Manchester United (94) David De Gea
94%
CAM- Arsenal (94) Mesut Ozil
94%
ST- Manchester City (95) Sergio Aguero
92%
GK- Arsenal (93) Petr Cech
91%
CM- Leicester City (88) N'Golo Kante
89%
ST- Everton (89) Romelu Lukaku
85%
CB- Leicester City (84) Wes Morgan
85%
CAM- Tottenham Hotspur (85) Dele Alli
84%
RB- Arsenal (86) Hector Bellerin
84%
GK- Stoke City (86) Jack Butland
84%
LM- West Ham United (90) Dimitri Payet
81%
CM- Leicester City (74) Danny Drinkwater
76%
CB- Manchester United (88) Chris Smalling
75%
CB- Tottenham Hotspur (88) Toby Alderweireld
72%
LB- Leicester City (74) Christian Fuchs
69%
CB- Southampton (84) Virgil Van Dijk
65%
CDM- Tottenham Hotspur (74) Eric Dier
64%
LM- Stoke City (88) Marko Arnautovic
43%
ST- Watford (83) Odion Ighalo
41%
CB- AFC Bournemouth (74) Steve Cook
32%
No matching quizzes found
Score Distribution
Percent of People with Each Score
Percentile by Number Answered
Your Score History
You have not taken this quiz